000 00212 a2200097 4500
001 23948
100 _aHeilbrunn, O
245 _aConventional Warfare in N. Age
260 _a
_bG. Allen
_c
090 _c16210
_d16210
942 _aNUST-CAE
_cM
_c6904
999 _c259021
_d259021